[Event "CAN-ch U08"]
[Site "Richmond Hill"]
[Date "2011.07.06"]
[Round "3"]
[White "Lee, James"]
[Black "Rapin, Oliver"]
[Result "1-0"]
[WhiteElo "1152"]
[BlackElo "610"]
[PlyCount "106"]
[EventDate "2011.07.06"]
[EventType "swiss"]
[EventRounds "7"]
[EventCountry "CAN"]
[SourceTitle "EXT 2022"]
[Source "ChessBase"]
[SourceDate "2021.10.06"]
[SourceVersion "1"]
[SourceVersionDate "2021.10.06"]
[SourceQuality "1"]

1. e4 Nh6 2. Nf3 Nc6 3. Nc3 Nb4 4. a3 Nc6 5. Bc4 e6 6. d3 Nb8 7. Bxh6 gxh6 8. h3 c6 9. Qd2 d5 10. exd5 cxd5 11. Bb5+ Nd7 12. Ne5 Bg7 13. d4 a6 14. Ba4 Qh4 15. g3 Qg5 16. Qxg5 hxg5 17. Rg1 b5 18. Bb3 Bxe5 19. dxe5 Nxe5 20. 0-0-0 h6 21. Rde1 Nf3 22. Rgf1 Nxe1 23. Rxe1 h5 24. Ne2 g4 25. hxg4 hxg4 26. Nd4 Ke7 27. Nc6+ Kd6 28. Nb4 Bd7 29. f4 Rh7 30. c3 Rah8 31. Nxa6 Rh1 32. Rxh1 Rxh1+ 33. Bd1 e5 34. fxe5+ Kxe5 35. Kc2 Bf5+ 36. Kb3 Rxd1 37. a4 bxa4+ 38. Kxa4 Bc2+ 39. Ka5 Rd4 40. cxd4+ Kxd4 41. b4 f5 42. b5 f4 43. b6 f3 44. b7 f2 45. b8Q f1Q 46. Qb2+ Kd3 47. Nb4+ Ke3 48. Nxd5+ Ke4 49. Nc3+ Kf3 50. Qxc2 Kxg3 51. Ne4+ Kf3 52. Nd2+ Kf2 53. Nxf1+ Kxf1 1-0